00717nam a2200169 a 450000100100000000500170001000800410002710000200006824501450008824600420023326000730027530000200034850000370036850000930040571000360049804000130053400003516820200930074141.0111025s1909 000 spa d1 aMiranda, Carlos10aAquí hase farta una mujé :bbufonada lírica en un acto y en prosa /coriginal de Carlos Miranda ; música de los maestros Mas y Sala.10aAquí hase farta una mujéklibreto aMadrid :bSociedad de Autores Españoles,c1909.fCarbonell y Belda a42 p. ;c21 cm. aEstrenada el 23 de marzo de 1909 aParodia del sainete lírico de los hermanos de la Cueva y del malogrado maestro Chapí2 aSociedad de Autores Españoles aDO-SdBNP